| 000 | 007150000a22002290004500 | ||
|---|---|---|---|
| 090 |
_aAR _b01581 |
||
| 245 | 1 | 0 | _aMurciélagos y los cactus: una relación muy estrecha |
| 650 | 1 | 4 |
_aRelación planta-animal _992861 |
| 650 | 1 | 4 |
_aZonas áridas _93658 |
| 650 | 1 | 4 |
_aPolinización _994027 |
| 651 | 4 |
_dMérida _pVenezuela _992749 |
|
| 653 | _fCactaceae | ||
| 653 |
_gStenocereus _vcardón de dato |
||
| 653 |
_gSubpilocereus _vcardón de lefaria |
||
| 653 |
_gPilosocereus _vguanajón |
||
| 653 |
_gGlossophaga _eGlossophaga longirostris |
||
| 653 |
_gLeptonycteris _eLeptonycteris curasoae |
||
| 041 | 0 | _aEspañol | |
| 100 | 1 |
_aHoffman, Forrest M. _992960 |
|
| 942 | _cARTICULO | ||
| 773 | 1 |
_tPreprint _33 _q1-1 _d1990? |
|
| 999 |
_c10662 _d10662 |
||